Kashmir then and now: (Record no. 56263)

MARC details
000 -LEADER
fixed length control field 00845nam a22002177a 4500
005 - DATE AND TIME OF LATEST TRANSACTION
control field 20110905104659.0
010 ## - LCCN (DPL NO)
LC control number G-001397
020 ## - INTERNATIONAL STANDARD BOOK NUMBER
International Standard Book Number 9788183390675
Terms of availability 895.00
035 ## - SYSTEM CONTROL NUMBER
System control number G-001397
037 ## - SOURCE OF ACQUISITION
Source of stock number/acquisition Gift
082 ## - DEWEY DECIMAL CLASSIFICATION NUMBER
Classification number 954.11
100 ## - MAIN ENTRY--PERSONAL NAME
Personal name Koul, Gwasha Lal
245 ## - TITLE STATEMENT
Title Kashmir then and now:
Statement of responsibility, etc by Gwasha Lal Koul
Remainder of title a historical servey (5000 B.C. to 1972 A.D.) /
260 ## - PUBLICATION, DISTRIBUTION, ETC. (IMPRINT)
Place of publication, distribution, etc Srinagar
Name of publisher, distributor, etc Gulshan Books
Date of publication, distribution, etc 2009
270 ## - ADDRESS
Address Residency Road,
City Srinagar
Postal code 190001
300 ## - PHYSICAL DESCRIPTION
Extent xiv, 311p.
Dimensions 22cm (Hb)
500 ## - GENERAL NOTE
General note Includes index and bibliographical references
942 ## - ADDED ENTRY ELEMENTS (KOHA)
Source of classification or shelving scheme Dewey Decimal Classification
Item type English Books
Classification part 954.11
Call number suffix KOU
Holdings
Withdrawn status Lost status Not for loan Collection code Home library Current library Date acquired Source of acquisition Cost, normal purchase price Full call number Barcode Copy number Cost, replacement price Koha item type
      Non-fiction Janak Puri Janak Puri 05/09/2011 gift 895.00 954.11 KOU G-001397 1 895.00 English Books

© Delhi Public Library
Hit Counter
free hit counter